000 00913nam a2200265 i 4500
001 169870
003 ES-MaACL
005 20250829045449.0
008 081210s1952 fr |||| | fre d
020 _aNº877, 3e trim.1952
080 _a27"04/14"
100 0 _aDaniel-Rops.
_942631
245 1 2 _aL'Église de la cathédrale et de la croisade /
_cDaniel-Rops.
250 _aFayard, 87e éd.
260 _aParis :
_bAnthème Fayard,
_c1952 (
_fFirmin-Didot)
300 _a830 p. ;
_c19 cm.
490 1 _aLes grandes études historiques. Histoire de l'église du Christ ;
_v3
500 _aÍndices.
504 _aBibliografía.
595 _aEn cub.: 66e éd.
650 4 _aHistoria eclesiástica-
_yS.VII-XV.
_9139061
830 0 4 _aLes grandes études historiques
_v3
_9184869
852 4 _aES-MaACL
_jE-12353
_9R.140503
_z- Biblioteca Jacinto Martínez Lacalle
999 _c169870
_d169870